UBT Library

Clinical guidelines for advanced practice nursing: (Record no. 1663)

000 -LEADER
fixed length control field 00315nam a22001097a 4500
008 - FIXED-LENGTH DATA ELEMENTS--GENERAL INFORMATION
fixed length control field 160428b xxu||||| |||| 00| 0 eng d
020 ## - INTERNATIONAL STANDARD BOOK NUMBER
International Standard Book Number `9780763774141
041 ## - LANGUAGE CODE
Language code of text/sound track or separate title eng
080 ## - UNIVERSAL DECIMAL CLASSIFICATION NUMBER
Universal Decimal Classification number 618.2
245 ## - TITLE STATEMENT
Title Clinical guidelines for advanced practice nursing:
Statement of responsibility, etc Geraldine M. Collins Bride; Jo Ann M. Saxe;
942 ## - ADDED ENTRY ELEMENTS (KOHA)
Source of classification or shelving scheme
Item type Books
Holdings
Withdrawn status Lost status Source of classification or shelving scheme Damaged status Not for loan Collection code Permanent location Current location Shelving location Date acquired Total Checkouts Full call number Barcode Date last seen Price effective from Koha item type
          Koleksioni i përgjithshem UBT - Lipjan UBT - Lipjan Koleksioni i përgjithshem 01/05/2017   618.2 BRI 002-028072 04/28/2016 04/28/2016 Books
          Koleksioni i përgjithshem UBT - Lipjan UBT - Lipjan Koleksioni i përgjithshem 06/13/2016   618.2 SAX 002-035859 01/05/2017 06/13/2016 Books
UBT Library © 2015-2024. All rights reserved University Education for Business and Technology